[Event "Open"]
[Site "Cappelle la Grande"]
[Date "1999.02.16"]
[Round "4"]
[White "Grabarczyk, Miroslaw"]
[Black "Shneider, Aleksandr"]
[Result "1/2-1/2"]
[WhiteElo "2462"]
[BlackElo "2545"]
[PlyCount "43"]
[EventDate "1999.02.??"]

1. d4 Nf6 2. c4 e6 3. Nf3 b6 4. g3 Ba6 5. b3 Bb4+ 6. Bd2 Be7 7. Bg2 c6 8. Bc3
d5 9. Ne5 Nfd7 10. Nxd7 Nxd7 11. Nd2 O-O 12. O-O f5 13. Rc1 Rc8 14. Bb2 b5 15.
c5 b4 16. Ra1 Bb5 17. a3 bxa3 18. Rxa3 a6 19. f4 Nf6 20. Re1 h5 21. h4 Ne4 22.
Nxe4 1/2-1/2

[Event "Open"]
[Site "Cappelle la Grande"]
[Date "1999.02.16"]
[Round "4"]
[White "Grigore, George"]
[Black "Sergeev, Vladimir"]
[Result "1/2-1/2"]
[WhiteElo "2526"]
[BlackElo "2452"]
[PlyCount "59"]
[EventDate "1999.02.??"]

1. d4 Nf6 2. c4 d6 3. Nf3 Nbd7 4. Nc3 e5 5. e4 g6 6. Be2 Bg7 7. O-O O-O 8. Re1
h6 9. Qc2 c6 10. Bf1 Qe7 11. d5 cxd5 12. cxd5 a6 13. Nd2 Nh7 14. Nc4 b5 15. Na5
f5 16. a4 bxa4 17. Rxa4 Nc5 18. Rc4 fxe4 19. Rxc5 dxc5 20. Nxe4 Bf5 21. Nc6 Qh4
22. g3 Bxe4 23. Rxe4 Rxf2 24. Kxf2 Qxh2+ 25. Bg2 Rf8+ 26. Rf4 exf4 27. Ne7+ Kh8
28. Nxg6+ Kg8 29. Ne7+ Kh8 30. Ng6+ 1/2-1/2

[Event "Open"]
[Site "Cappelle la Grande"]
[Date "1999.02.16"]
[Round "4"]
[White "Haba, Petr"]
[Black "Skembris, Spiridon"]
[Result "1/2-1/2"]
[WhiteElo "2545"]
[BlackElo "2445"]
[PlyCount "40"]
[EventDate "1999.02.??"]

1. d4 d5 2. c4 c6 3. Nf3 Nf6 4. Nc3 dxc4 5. a4 Bg4 6. Ne5 Bh5 7. f3 Nfd7 8.
Nxc4 e5 9. Ne4 Bb4+ 10. Bd2 Qe7 11. Bxb4 Qxb4+ 12. Qd2 Qxd2+ 13. Kxd2 exd4 14.
Ned6+ Kd8 15. Nxb7+ Kc7 16. Nba5 Na6 17. g4 Bg6 18. Bg2 Rhe8 19. Rhc1 Rab8 20.
Ra3 Nac5 1/2-1/2

[Event "Open"]
[Site "Cappelle la Grande"]
[Date "1999.02.16"]
[Round "4"]
[White "Kogan, Artur"]
[Black "Verat, Laurent"]
[Result "1-0"]
[WhiteElo "2507"]
[BlackElo "2294"]
[PlyCount "129"]
[EventDate "1999.02.??"]

1. d4 Nf6 2. c4 e6 3. Nf3 Bb4+ 4. Nbd2 b6 5. a3 Bxd2+ 6. Qxd2 Bb7 7. g3 O-O 8.
Bg2 d6 9. b4 Nbd7 10. Bb2 Qe7 11. O-O Ne4 12. Qd3 f5 13. d5 e5 14. Nh4 g6 15.
Bxe4 fxe4 16. Qxe4 Nf6 17. Qc2 b5 18. e4 bxc4 19. Qxc4 Bc8 20. Rfc1 Ng4 21. f3
g5 22. Nf5 Bxf5 23. exf5 Ne3 24. Qxc7 Nxf5 25. Qc2 Qf7 26. Qe4 Rfc8 27. Rxc8+
Rxc8 28. Rf1 Ne7 29. f4 gxf4 30. gxf4 Qxd5 31. Qxd5+ Nxd5 32. fxe5 dxe5 33.
Bxe5 Ne3 34. Re1 Nc4 35. Rc1 Kf7 36. Bd4 a6 37. Bc5 Nxa3 38. Ra1 Nb5 39. Rxa6
Re8 40. Kf2 Re6 41. Rxe6 Kxe6 42. Ke3 Ke5 43. Bf8 Ke6 44. Kf4 Kf7 45. Bc5 Kf6
46. Bf2 Nd6 47. Be1 Nb5 48. Bh4+ Ke6 49. Bg3 Kf6 50. Ke4 Ke6 51. Be5 Na7 52.
Bb2 Nb5 53. Kf4 Nd6 54. Bd4 Nb5 55. Bb2 Nd6 56. Kg5 Kf7 57. Be5 Nb5 58. Kf5 Ke7
59. Bg3 Na7 60. Bf2 Nb5 61. Bc5+ Kd7 62. Kg5 Nc3 63. Kh6 Ne4 64. Kxh7 Kc6 65.
Kg6 1-0

[Event "Open"]
[Site "Cappelle la Grande"]
[Date "1999.02.16"]
[Round "4"]
[White "Mancini, Mario"]
[Black "Dizdar, Goran"]
[Result "1-0"]
[WhiteElo "2328"]
[BlackElo "2563"]
[PlyCount "99"]
[EventDate "1999.02.??"]

1. d4 Nf6 2. c4 e6 3. Nc3 Bb4 4. e3 O-O 5. Bd3 d5 6. Nf3 c5 7. O-O Nc6 8. a3
Bxc3 9. bxc3 Qc7 10. cxd5 exd5 11. Nh4 Ne7 12. Bb2 c4 13. Bc2 Re8 14. g3 Bh3
15. Ng2 Qd7 16. Re1 Bf5 17. f3 Ng6 18. Re2 h5 19. a4 Bxc2 20. Qxc2 Qh3 21. Rf1
Re6 22. Bc1 Rae8 23. Bd2 Nh7 24. e4 h4 25. Bf4 hxg3 26. Bxg3 Nf6 27. e5 Nh5 28.
f4 f5 29. Re3 Qg4 30. Ref3 Ne7 31. Ne3 Qg6 32. Kh1 Qf7 33. Bh4 g6 34. Bxe7
R6xe7 35. Rg1 Rf8 36. Qg2 Kh7 37. Rh3 Rd7 38. Qg5 Qe6 39. Rh4 Rdf7 40. Rg3 Qb6
41. Rgh3 Rg7 42. Rg3 Rff7 43. Rg1 Qe6 44. Qg2 Rd7 45. Qf3 Kh8 46. Rg5 Rh7 47.
Qg2 Nf6 48. Rxh7+ Kxh7 49. Rxg6 Qb6 50. exf6 1-0

[Event "Open"]
[Site "Cappelle la Grande"]
[Date "1999.02.16"]
[Round "4"]
[White "Marciano, David"]
[Black "Avrukh, Boris"]
[Result "1-0"]
[WhiteElo "2521"]
[BlackElo "2609"]
[PlyCount "57"]
[EventDate "1999.02.??"]

1. e4 g6 2. d4 Bg7 3. Nc3 d6 4. Be3 a6 5. f4 b5 6. Be2 Nd7 7. e5 Nb6 8. Bf3 d5
9. b3 Nh6 10. g4 f6 11. h3 Nf7 12. Qd2 fxe5 13. dxe5 e6 14. g5 Qe7 15. Qf2 Nd7
16. Bxd5 Nfxe5 17. Bxa8 Nd3+ 18. cxd3 Bxc3+ 19. Ke2 Bxa1 20. Nf3 Bg7 21. Rc1
O-O 22. Bc5 Nxc5 23. Qxc5 Qf7 24. Qxc7 Qf5 25. Qe7 Qxh3 26. Rc7 Bh8 27. f5 Qg2+
28. Kd1 Qh1+ 29. Ne1 1-0

[Event "Open"]
[Site "Cappelle la Grande"]
[Date "1999.02.16"]
[Round "4"]
[White "Nenashev, Alexander"]
[Black "Pavlovic, Milos"]
[Result "1-0"]
[WhiteElo "2616"]
[BlackElo "2509"]
[PlyCount "75"]
[EventDate "1999.02.??"]

1. d4 Nf6 2. c4 g6 3. Nc3 Bg7 4. e4 d6 5. f3 O-O 6. Be3 c5 7. Nge2 Nc6 8. d5
Ne5 9. Ng3 e6 10. Be2 exd5 11. cxd5 h5 12. O-O Nh7 13. Qd2 h4 14. Nh1 g5 15.
Nf2 Qf6 16. Kh1 Bd7 17. f4 gxf4 18. Bxf4 Rae8 19. Nd3 Nc4 20. Qc2 b5 21. Rae1
Qg6 22. Nf2 Nb6 23. Bxb5 Bxc3 24. Bxd7 Bxe1 25. Bf5 Qh5 26. Bg4 Qg6 27. Bf5 Qh5
28. Ng4 Kh8 29. Bxd6 Rg8 30. Be5+ Rxe5 31. Nxe5 Bg3 32. Nc6 Rg7 33. Qd1 Qh6 34.
e5 Ng5 35. d6 h3 36. hxg3 hxg2+ 37. Kxg2 Nc4 38. d7 1-0

[Event "Open"]
[Site "Cappelle la Grande"]
[Date "1999.02.16"]
[Round "4"]
[White "Petran, Peter"]
[Black "Maksimovic, Suzana"]
[Result "0-1"]
[WhiteElo "2433"]
[BlackElo "2228"]
[PlyCount "44"]
[EventDate "1999.02.??"]

1. g3 d5 2. Bg2 e5 3. d3 Nf6 4. Nf3 Nc6 5. O-O Be7 6. Bg5 O-O 7. Nc3 Be6 8. e4
d4 9. Ne2 Qc8 10. Bd2 a5 11. Ng5 Bd7 12. f4 Ng4 13. Nf3 exf4 14. gxf4 Bc5 15.
b3 Ne3 16. Bxe3 dxe3 17. d4 Bh3 18. Bxh3 Qxh3 19. Qe1 Nxd4 20. Nexd4 Bxd4 21.
Nxd4 Ra6 22. Nf3 Rh6 0-1

[Event "Open"]
[Site "Cappelle la Grande"]
[Date "1999.02.16"]
[Round "4"]
[White "Pierrot, Facundo"]
[Black "Calistri, Tristan"]
[Result "1-0"]
[WhiteElo "2442"]
[BlackElo "2246"]
[PlyCount "49"]
[EventDate "1999.02.??"]

1. e4 e6 2. d4 d5 3. Nd2 Nf6 4. e5 Nfd7 5. Bd3 c5 6. c3 Nc6 7. Ne2 cxd4 8. cxd4
f6 9. exf6 Nxf6 10. Nf3 Qc7 11. O-O Bd6 12. g3 O-O 13. Bf4 Bxf4 14. Nxf4 g6 15.
Re1 Qg7 16. Ng5 Nxd4 17. Bxg6 Nc6 18. Bxh7+ Nxh7 19. Ngxe6 Bxe6 20. Nxe6 Qxb2
21. Re2 Qb5 22. Nc7 Qa5 23. Nxa8 Rxa8 24. Re6 d4 25. Qb3 1-0

[Event "Open"]
[Site "Cappelle la Grande"]
[Date "1999.02.16"]
[Round "4"]
[White "Raetsky, Alexander"]
[Black "Akesson, Ralph"]
[Result "0-1"]
[WhiteElo "2453"]
[BlackElo "2530"]
[PlyCount "88"]
[EventDate "1999.02.??"]

1. d4 Nf6 2. c4 g6 3. Nc3 d5 4. Nf3 Bg7 5. Bg5 Ne4 6. cxd5 Nxg5 7. Nxg5 e6 8.
Nf3 exd5 9. b4 O-O 10. e3 c6 11. Be2 Be6 12. O-O Nd7 13. Rc1 Rc8 14. Qb3 b5 15.
a4 a6 16. a5 Nf6 17. Qb1 Bf5 18. Bd3 Bxd3 19. Qxd3 Qe7 20. Qb1 Rfd8 21. Ne5 Ne8
22. Nxc6 Rxc6 23. Nxd5 Rxd5 24. Rxc6 Nd6 25. Rxa6 Nc4 26. Ra8+ Bf8 27. a6 Nb6
28. Rb8 Qa7 29. Re8 Qxa6 30. Qe4 Rd7 31. Qc6 Kg7 32. Rb8 Rd6 33. Qe8 Nd7 34.
Rd8 Qc6 35. h3 Rd5 36. Ra1 Bxb4 37. e4 Rd6 38. d5 Qc7 39. Rc8 Qb6 40. Rd1 Rf6
41. Qxd7 Qxf2+ 42. Kh1 Bd6 43. e5 Bxe5 44. Rg8+ Kh6 0-1

[Event "Open"]
[Site "Cappelle la Grande"]
[Date "1999.02.16"]
[Round "4"]
[White "Savchenko, Stanislav"]
[Black "Gretarsson, Helgi Ass"]
[Result "1/2-1/2"]
[WhiteElo "2539"]
[BlackElo "2459"]
[PlyCount "31"]
[EventDate "1999.02.??"]

1. Nf3 d5 2. d4 Nf6 3. c4 c6 4. Nc3 dxc4 5. a4 Na6 6. e4 Bg4 7. Bxc4 Bxf3 8.
gxf3 e6 9. Bxa6 bxa6 10. Be3 Be7 11. O-O O-O 12. Rc1 Rb8 13. Qd2 Qa5 14. Kh1
Kh8 15. Rg1 Nd7 16. Qe2 1/2-1/2

[Event "Open"]
[Site "Cappelle la Grande"]
[Date "1999.02.16"]
[Round "4"]
[White "Scetinin, Alexander"]
[Black "Batyrov, Sapar"]
[Result "1-0"]
[WhiteElo "2305"]
[BlackElo "2505"]
[PlyCount "107"]
[EventDate "1999.02.??"]

1. e4 c5 2. Nf3 e6 3. c3 d5 4. exd5 exd5 5. d4 Nc6 6. Be2 Bd6 7. Be3 c4 8. b3
cxb3 9. axb3 Nge7 10. O-O O-O 11. c4 Bg4 12. Nc3 a6 13. h3 Bh5 14. Nh4 Bxe2 15.
Qxe2 Qd7 16. Rfd1 Rae8 17. Qf3 f5 18. c5 f4 19. cxd6 fxe3 20. Qxe3 Qxd6 21. Qg5
Rf4 22. Nf3 Ref8 23. Ne2 R4f6 24. Ng3 Ng6 25. Nh5 Rf5 26. Qg4 Nd8 27. Re1 Ne6
28. Re5 Nxe5 29. dxe5 Qe7 30. Rd1 Ng5 31. Nf6+ R8xf6 32. exf6 Nxf3+ 33. Qxf3
Qxf6 34. Qe3 Re5 35. Qc5 Qe6 36. Kh2 h6 37. Rd3 Kh7 38. Qc7 b5 39. Rg3 Rg5 40.
Re3 Qg6 41. g4 d4 42. Re7 Rd5 43. Qb7 Rc5 44. Qd7 Qf6 45. Rf7 Qe5+ 46. Kg1 Rc1+
47. Kg2 Qe4+ 48. Kg3 Rg1+ 49. Kh4 Qg6 50. Rf5 Rd1 51. Qd5 d3 52. f4 Qe8 53. Re5
Qg6 54. Re6 1-0

[Event "Open"]
[Site "Cappelle la Grande"]
[Date "1999.02.16"]
[Round "4"]
[White "Shirazi, Kamran"]
[Black "David, Vincent"]
[Result "1-0"]
[WhiteElo "2403"]
[BlackElo "2176"]
[PlyCount "23"]
[EventDate "1999.02.??"]

1. e4 e6 2. d4 c5 3. d5 exd5 4. exd5 Nf6 5. d6 Qb6 6. Bf4 Qxb2 7. Nd2 Qd4 8.
Ne2 Qd5 9. Nc3 Qe6+ 10. Qe2 g6 11. Be5 Bg7 12. Nd5 1-0

[Event "Open"]
[Site "Cappelle la Grande"]
[Date "1999.02.16"]
[Round "4"]
[White "Voiska, Margarita"]
[Black "Nikolaidis, Ioannis"]
[Result "1/2-1/2"]
[WhiteElo "2364"]
[BlackElo "2510"]
[PlyCount "34"]
[EventDate "1999.02.??"]

1. Nf3 Nf6 2. c4 c5 3. g3 Nc6 4. Bg2 d6 5. d4 cxd4 6. Nxd4 Bd7 7. Nc3 g6 8. O-O
Bg7 9. Nc2 a6 10. Bf4 Rc8 11. b3 b5 12. cxb5 Na7 13. Be3 Nxb5 14. Nxb5 axb5 15.
Nb4 O-O 16. Qd2 Bf5 17. Bd4 Qa5 1/2-1/2

[Event "Open"]
[Site "Cappelle la Grande"]
[Date "1999.02.16"]
[Round "4"]
[White "Volkov, Sergey"]
[Black "Apicella, Manuel"]
[Result "1-0"]
[WhiteElo "2587"]
[BlackElo "2515"]
[PlyCount "91"]
[EventDate "1999.02.??"]

1. d4 d5 2. c4 e6 3. Nc3 c6 4. e3 Bd6 5. Bd3 f5 6. Nge2 Nf6 7. f3 O-O 8. O-O
Nh5 9. e4 fxe4 10. fxe4 Rxf1+ 11. Qxf1 e5 12. exd5 cxd5 13. Qf3 e4 14. Qxh5
exd3 15. Qxd5+ Kh8 16. Bf4 Be7 17. Nc1 Nc6 18. Nxd3 Nxd4 19. Re1 Bf5 20. Qxd8+
Rxd8 21. Rxe7 Bxd3 22. Rxb7 Bxc4 23. Be5 Nf5 24. b3 Bg8 25. Rxa7 Re8 26. Ra5
Ne3 27. Bd4 Nc2 28. Bc5 Re5 29. Bb6 Re1+ 30. Kf2 Re6 31. Ba7 Nb4 32. g4 h6 33.
Ra4 Nc6 34. Be3 Ne5 35. Ke2 Bf7 36. h3 Kh7 37. Rd4 Bg6 38. Nd5 Rc6 39. Bf4 Nd7
40. Ne3 Nc5 41. Rd6 Rc8 42. Nd5 Re8+ 43. Be3 Ne4 44. Rd7 Re5 45. Bd4 Nc3+ 46.
Kd2 1-0

[Event "Open"]
[Site "Cappelle la Grande"]
[Date "1999.02.16"]
[Round "4"]
[White "Golod, Vitali"]
[Black "Socko, Bartosz"]
[Result "1-0"]
[WhiteElo "2554"]
[BlackElo "2497"]
[PlyCount "67"]
[EventDate "1999.02.??"]

1. d4 Nf6 2. c4 g6 3. Nc3 Bg7 4. e4 d6 5. Nf3 O-O 6. Be2 e5 7. O-O Nc6 8. d5
Ne7 9. b4 a5 10. Ba3 axb4 11. Bxb4 Nd7 12. a4 Bh6 13. Nd2 f5 14. a5 Nf6 15. c5
Bxd2 16. Qxd2 fxe4 17. cxd6 cxd6 18. Nb5 Nf5 19. Ra3 Kh8 20. g4 Ne7 21. h3 Ne8
22. f4 exf3 23. Raxf3 Rxf3 24. Rxf3 Ng8 25. Nxd6 Nxd6 26. Qe3 Ne8 27. Qxe5+
Nef6 28. d6 h6 29. Bc4 Bxg4 30. hxg4 Qc8 31. Be6 Qc1+ 32. Rf1 Qg5 33. Qxg5 hxg5
34. Bc3 1-0

[Event "Open"]
[Site "Cappelle la Grande"]
[Date "1999.02.16"]
[Round "4"]
[White "Chuchelov, Vladimir"]
[Black "Mohandesi, Shahin"]
[Result "1-0"]
[WhiteElo "2534"]
[BlackElo "2316"]
[PlyCount "65"]
[EventDate "1999.02.??"]

1. Nf3 Nf6 2. c4 g6 3. Nc3 d5 4. cxd5 Nxd5 5. Qb3 Nb6 6. d4 Bg7 7. Bg5 a5 8.
Rd1 a4 9. Qc2 O-O 10. e3 Nc6 11. a3 Bf5 12. Bd3 Bxd3 13. Rxd3 Qd7 14. O-O Na5
15. Ne4 Rfc8 16. Nc5 Qc6 17. e4 Nd7 18. Rc3 Nxc5 19. Rxc5 Qd7 20. Ne5 Bxe5 21.
dxe5 Nc6 22. Rd1 Qg4 23. Rxc6 bxc6 24. Bxe7 Rab8 25. Bf6 h6 26. h3 Rxb2 27. Qc1
Qe2 28. Rf1 Kh7 29. e6 Rc2 30. Qf4 fxe6 31. Be5 h5 32. Qf7+ Kh6 33. Bg7+ 1-0

[Event "Open"]
[Site "Cappelle la Grande"]
[Date "1999.02.17"]
[Round "5"]
[White "Agdestein, Simen"]
[Black "Georgiev, Vladimir"]
[Result "1-0"]
[WhiteElo "2550"]
[BlackElo "2508"]
[PlyCount "123"]
[EventDate "1999.02.??"]

1. d4 d5 2. c4 c6 3. Nc3 Nf6 4. e3 a6 5. c5 g6 6. Na4 Nbd7 7. Nf3 Bg7 8. Be2
O-O 9. O-O Re8 10. Bd2 Ne4 11. Bb4 e5 12. Re1 Rb8 13. Bf1 exd4 14. exd4 Nf8 15.
h3 g5 16. Nb6 Bf5 17. Bc3 Ne6 18. Bd3 Nf4 19. Bxe4 Bxe4 20. Re3 h5 21. Ne1 Re6
22. b4 Qc7 23. Bb2 Rbe8 24. a4 R8e7 25. Raa3 Rg6 26. Rg3 Ree6 27. Bc1 Bf5 28.
Rge3 g4 29. h4 Be4 30. Ra2 Qd8 31. g3 Nh3+ 32. Kh2 Qf6 33. f3 Bf5 34. Rxe6 Bxe6
35. Be3 gxf3 36. Qxf3 Rg4 37. Qxf6 Bxf6 38. Rd2 Bd8 39. Na8 Re4 40. Ng2 Bg4 41.
Rb2 Bf6 42. Rd2 Kg7 43. b5 a5 44. Rd3 Kg6 45. Nc7 Re7 46. b6 Kf5 47. Ra3 Ke4
48. Nb5 cxb5 49. axb5 Be2 50. Kxh3 Bxb5 51. Rxa5 Bf1 52. c6 Bxd4 53. c7 Re8 54.
Bxd4 Kxd4 55. Kh2 Bc4 56. Ra7 Kc5 57. Rxb7 Ba6 58. Rb8 Rc8 59. Nf4 d4 60. g4
Kd6 61. gxh5 Kd7 62. Rxc8 1-0

[Event "Open"]
[Site "Cappelle la Grande"]
[Date "1999.02.17"]
[Round "5"]
[White "Apicella, Manuel"]
[Black "Payen, Arnaud"]
[Result "1-0"]
[WhiteElo "2515"]
[BlackElo "2415"]
[PlyCount "51"]
[EventDate "1999.02.??"]

1. e4 e5 2. Nf3 Nc6 3. Bb5 Nf6 4. O-O Nxe4 5. d4 Be7 6. Qe2 Nd6 7. Bxc6 bxc6 8.
dxe5 Nb7 9. b3 O-O 10. Bb2 f6 11. Nbd2 fxe5 12. Nxe5 Nd6 13. Rae1 Bf6 14. f4 a5
15. Ne4 Nxe4 16. Qxe4 d5 17. Qe3 Ra6 18. Ba3 Re8 19. Qd3 Bb7 20. Ng4 Rxe1 21.
Rxe1 Ra8 22. Re6 Ba1 23. Re7 Kh8 24. Nh6 Qf8 25. Nf7+ Kg8 26. Ng5 1-0

[Event "Open"]
[Site "Cappelle la Grande"]
[Date "1999.02.17"]
[Round "5"]
[White "Beshukov, Sergei"]
[Black "Golod, Vitali"]
[Result "1/2-1/2"]
[WhiteElo "2511"]
[BlackElo "2554"]
[PlyCount "26"]
[EventDate "1999.02.??"]

1. e4 e5 2. Bc4 Nf6 3. d3 c6 4. Nf3 d5 5. Bb3 Bd6 6. exd5 cxd5 7. Nc3 d4 8. Ne2
Nc6 9. Ng3 O-O 10. a3 Ne7 11. O-O Ng6 12. Re1 h6 13. h3 Bd7 1/2-1/2

[Event "Open"]
[Site "Cappelle la Grande"]
[Date "1999.02.17"]
[Round "5"]
[White "Blehm, Pawel"]
[Black "Kaminski, Marcin"]
[Result "1/2-1/2"]
[WhiteElo "2428"]
[BlackElo "2516"]
[PlyCount "27"]
[EventDate "1999.02.??"]

1. c4 g6 2. Nc3 Bg7 3. d4 Nf6 4. e4 d6 5. Be2 O-O 6. Nf3 e5 7. O-O exd4 8. Nxd4
Re8 9. f3 Nc6 10. Nc2 Nh5 11. g4 Be5 12. gxh5 Bxh2+ 13. Kxh2 Qh4+ 14. Kg1
1/2-1/2

[Event "Open"]
[Site "Cappelle la Grande"]
[Date "1999.02.17"]
[Round "5"]
[White "Degraeve, Jean-Marc"]
[Black "Kiseleva, Natalia"]
[Result "1-0"]
[WhiteElo "2536"]
[BlackElo "2316"]
[PlyCount "47"]
[EventDate "1999.02.??"]

1. e4 c5 2. Nf3 e6 3. b3 Nc6 4. Bb2 d6 5. d4 cxd4 6. Nxd4 Nxd4 7. Qxd4 Nf6 8.
Bb5+ Bd7 9. Bxd7+ Qxd7 10. c4 Be7 11. Nc3 O-O 12. O-O Rfd8 13. Rad1 Qc6 14.
Rfe1 Qc5 15. Qd3 a6 16. Re2 Ne8 17. Bc1 Nf6 18. Be3 Qc6 19. Bd4 Rac8 20. a4 Nd7
21. Qg3 Bf6 22. Red2 Be5 23. Bxe5 Nxe5 24. Qxe5 1-0

[Event "Open"]
[Site "Cappelle la Grande"]
[Date "1999.02.17"]
[Round "5"]
[White "Fejzovski, Enver"]
[Black "Lomineishvili, Maia"]
[Result "0-1"]
[WhiteElo "2160"]
[BlackElo "2397"]
[PlyCount "46"]
[EventDate "1999.02.??"]

1. Nf3 Nf6 2. b4 g6 3. Bb2 Bg7 4. g4 h6 5. h4 d6 6. g5 hxg5 7. Nxg5 e5 8. c4
Nc6 9. b5 Nd4 10. Bg2 Nf5 11. Qb3 Nxh4 12. Qg3 Nxg2+ 13. Qxg2 Rxh1+ 14. Qxh1
Nh5 15. Ne4 Be6 16. Nec3 Qg5 17. Na3 O-O-O 18. O-O-O Rh8 19. Rg1 Qf5 20. b6
axb6 21. e4 Qxf2 22. Rf1 Qc5 23. Nd5 Ng3 0-1

[Event "Open"]
[Site "Cappelle la Grande"]
[Date "1999.02.17"]
[Round "5"]
[White "Fontaine, Robert"]
[Black "Mikhalevski, Victor"]
[Result "0-1"]
[WhiteElo "2369"]
[BlackElo "2531"]
[PlyCount "80"]
[EventDate "1999.02.??"]

1. e4 e5 2. Nf3 Nc6 3. Bb5 a6 4. Ba4 Nf6 5. d3 d6 6. c3 g6 7. O-O Bg7 8. Nbd2
O-O 9. Re1 Nd7 10. Nf1 Nc5 11. Bc2 Ne6 12. Ng3 d5 13. exd5 Qxd5 14. Ne4 Qd8 15.
Be3 b6 16. Qc1 Ne7 17. Bh6 f6 18. Bxg7 Kxg7 19. Qd2 Bb7 20. Rad1 h6 21. Bb3 Nf4
22. d4 f5 23. Ng3 Nxg2 24. Kxg2 e4 25. Kg1 exf3 26. Qf4 Nd5 27. Bxd5 Bxd5 28.
c4 Bxc4 29. Rc1 Bxa2 30. Rxc7+ Rf7 31. Rc6 Qg5 32. Qe5+ Kh7 33. Rxb6 h5 34. b3
h4 35. Ra1 Re7 36. Qd5 hxg3 37. hxg3 Rc8 38. Qxf3 Rc1+ 39. Rxc1 Qxc1+ 40. Kg2
Bb1 0-1

[Event "Open"]
[Site "Cappelle la Grande"]
[Date "1999.02.17"]
[Round "5"]
[White "Galkin, Alexander"]
[Black "Mancini, Mario"]
[Result "1/2-1/2"]
[WhiteElo "2507"]
[BlackElo "2328"]
[PlyCount "70"]
[EventDate "1999.02.??"]

1. e4 e5 2. Nf3 Nc6 3. Bb5 a6 4. Ba4 Nf6 5. O-O Be7 6. Re1 b5 7. Bb3 d6 8. c3
O-O 9. h3 Nb8 10. d4 Nbd7 11. Nbd2 Bb7 12. Bc2 Re8 13. Nf1 Bf8 14. Ng3 g6 15.
a4 Bg7 16. d5 Qb8 17. b3 c6 18. c4 Qc7 19. Be3 bxc4 20. bxc4 cxd5 21. cxd5 Rec8
22. Rc1 Nc5 23. Nd2 Nfd7 24. Nc4 a5 25. Qd2 Nb6 26. Nxa5 Nbxa4 27. Nxb7 Qxb7
28. Rb1 Qc7 29. Rec1 Qd8 30. Bxa4 Rxa4 31. Rb4 Rxb4 32. Qxb4 Rb8 33. Qc4 Nb3
34. Rb1 Nd4 35. Rxb8 Qxb8 1/2-1/2

[Event "Open"]
[Site "Cappelle la Grande"]
[Date "1999.02.17"]
[Round "5"]
[White "Gipslis, Aivars"]
[Black "Haba, Petr"]
[Result "1/2-1/2"]
[WhiteElo "2470"]
[BlackElo "2545"]
[PlyCount "37"]
[EventDate "1999.02.??"]

1. e4 c6 2. d4 d5 3. exd5 cxd5 4. c4 Nf6 5. Nc3 e6 6. Nf3 Bb4 7. Bd2 Nc6 8. Rc1
O-O 9. a3 Bxc3 10. Bxc3 Ne4 11. Bd3 Nxc3 12. Rxc3 dxc4 13. Bxc4 Qf6 14. O-O Rd8
15. Rd3 Bd7 16. d5 exd5 17. Bxd5 Be6 18. Bxe6 Qxe6 19. Re1 1/2-1/2

[Event "Open"]
[Site "Cappelle la Grande"]
[Date "1999.02.17"]
[Round "5"]
[White "Holmsten, Aleksei"]
[Black "Dvoirys, Semen I"]
[Result "0-1"]
[WhiteElo "2373"]
[BlackElo "2562"]
[PlyCount "66"]
[EventDate "1999.02.??"]

1. e4 c5 2. Nf3 Nc6 3. d4 cxd4 4. Nxd4 Qb6 5. Nb3 Nf6 6. Nc3 e6 7. a3 Be7 8.
Bf4 O-O 9. Be2 d6 10. O-O a6 11. Qd3 Ne5 12. Qg3 Qc7 13. Bh6 Ng6 14. Be3 e5 15.
Rfd1 Nxe4 16. Nxe4 f5 17. Nc3 f4 18. Qf3 fxe3 19. Qxe3 Nf4 20. Bf3 Be6 21. Nd4
exd4 22. Rxd4 Bg5 23. Rxf4 Bxf4 24. Qxe6+ Kh8 25. Qd5 Be5 26. Qxb7 Qxb7 27.
Bxb7 Rab8 28. Bxa6 Rxb2 29. Nd5 Rxc2 30. Rf1 Bd4 31. a4 Rcxf2 32. Rxf2 Rxf2 33.
h3 Rf5+ 0-1

[Event "Open"]
[Site "Cappelle la Grande"]
[Date "1999.02.17"]
[Round "5"]
[White "Kalantarian, Norik"]
[Black "Atalik, Suat"]
[Result "1/2-1/2"]
[WhiteElo "2381"]
[BlackElo "2593"]
[PlyCount "33"]
[EventDate "1999.02.??"]

1. d4 Nf6 2. c4 g6 3. Nc3 d5 4. Nf3 Bg7 5. Qb3 dxc4 6. Qxc4 O-O 7. e4 a6 8. e5
b5 9. Qb3 Nfd7 10. h4 Nb6 11. h5 c5 12. hxg6 hxg6 13. dxc5 Be6 14. Qc2 Bf5 15.
Qb3 Be6 16. Qc2 Bf5 17. Qb3 1/2-1/2

[Event "Open"]
[Site "Cappelle la Grande"]
[Date "1999.02.17"]
[Round "5"]
[White "Karatorossian, David"]
[Black "Grigore, George"]
[Result "1/2-1/2"]
[WhiteElo "2348"]
[BlackElo "2526"]
[PlyCount "61"]
[EventDate "1999.02.??"]

1. e4 c5 2. Nf3 Nc6 3. d4 cxd4 4. Nxd4 e5 5. Nb5 d6 6. c4 Be7 7. N1c3 a6 8. Na3
Be6 9. Nc2 Rc8 10. b3 Nf6 11. Bd3 O-O 12. O-O b5 13. cxb5 Na7 14. Bb2 Nxb5 15.
Nxb5 axb5 16. Ne3 Qb6 17. Qe2 b4 18. Rac1 Qa7 19. Bb1 Qb7 20. f3 Nh5 21. g3 Nf6
22. Kg2 Nd7 23. Rxc8 Rxc8 24. Rd1 Rc5 25. Rc1 Qc6 26. Rxc5 Qxc5 27. Bd3 Nb6 28.
Nc4 Bd8 29. Qe3 Qc6 30. Nxb6 Bxb6 31. Qc1 1/2-1/2

[Event "Open"]
[Site "Cappelle la Grande"]
[Date "1999.02.17"]
[Round "5"]
[White "Kveinys, Aloysas"]
[Black "Scetinin, Alexander"]
[Result "0-1"]
[WhiteElo "2502"]
[BlackElo "2305"]
[PlyCount "73"]
[EventDate "1999.02.??"]

1. c4 e5 2. g3 Nf6 3. Bg2 d5 4. cxd5 Nxd5 5. Nc3 Be6 6. Nf3 Nc6 7. O-O Be7 8.
d4 Nxc3 9. bxc3 e4 10. Nd2 f5 11. e3 O-O 12. c4 Na5 13. Qc2 c5 14. d5 Bd7 15.
g4 Bd6 16. gxf5 Bxf5 17. Nxe4 Qc7 18. h3 Rae8 19. Bb2 b6 20. Rac1 Nb7 21. Nxd6
Bxc2 22. Nxe8 Rxe8 23. Rxc2 Nd6 24. Re1 g5 25. e4 Nf7 26. e5 Rxe5 27. Bxe5 Nxe5
28. Rce2 Nxc4 29. Re8+ Kf7 30. Bf3 g4 31. Bxg4 Nd6 32. Bh5+ Kf6 33. Rg8 c4 34.
Kg2 Qc5 35. Re6+ Kf5 36. Bg4+ Kf4 37. Rf8+ 0-1

[Event "Open"]
[Site "Cappelle la Grande"]
[Date "1999.02.17"]
[Round "5"]
[White "Maksimovic, Suzana"]
[Black "Kekelidze, Mikheil"]
[Result "0-1"]
[WhiteElo "2228"]
[BlackElo "2439"]
[PlyCount "30"]
[EventDate "1999.02.??"]

1. d4 Nf6 2. Nf3 e6 3. e3 b6 4. Bd3 Bb7 5. O-O Be7 6. c4 O-O 7. Nc3 d5 8. Ne5
Nbd7 9. f4 c5 10. cxd5 Nxd5 11. Qf3 cxd4 12. exd4 Nxe5 13. fxe5 Nxc3 14. Qxb7
Qxd4+ 15. Kh1 Qxd3 0-1

[Event "Open"]
[Site "Cappelle la Grande"]
[Date "1999.02.17"]
[Round "5"]
[White "Mannion, Dtephen R"]
[Black "Kogan, Artur"]
[Result "0-1"]
[WhiteElo "2343"]
[BlackElo "2507"]
[PlyCount "52"]
[EventDate "1999.02.??"]

1. e4 c5 2. Nf3 Nc6 3. d4 cxd4 4. Nxd4 Qc7 5. Nc3 e6 6. Be2 a6 7. a4 Nf6 8. O-O
Bb4 9. Qd3 h5 10. Nxc6 bxc6 11. f4 d5 12. e5 Ng4 13. Qg3 f5 14. exf6 gxf6 15.
Bxg4 hxg4 16. Qxg4 Qh7 17. h3 Ra7 18. Be3 Rg7 19. Qf3 e5 20. fxe5 Bxh3 21. exf6
Rxg2+ 22. Qxg2 Bxg2 23. f7+ Ke7 24. Kxg2 Qh2+ 25. Kf3 Rh3+ 26. Kg4 Qg3+ 0-1

[Event "Open"]
[Site "Cappelle la Grande"]
[Date "1999.02.17"]
[Round "5"]
[White "Marciano, David"]
[Black "Poluljahov, Alelsandr"]
[Result "1/2-1/2"]
[WhiteElo "2521"]
[BlackElo "2566"]
[PlyCount "57"]
[EventDate "1999.02.??"]

1. e4 c5 2. Nf3 Nc6 3. d4 cxd4 4. Nxd4 e6 5. Nb5 d6 6. Bf4 e5 7. Be3 a6 8. N5c3
Nf6 9. Bg5 Be7 10. Nd2 O-O 11. Bxf6 Bxf6 12. Nc4 Be7 13. Nd5 Be6 14. Ncb6 Rb8
15. c3 g6 16. Bc4 Bg5 17. a4 Kh8 18. Qd3 f5 19. f3 fxe4 20. Qxe4 Bf5 21. Qe2 e4
22. O-O exf3 23. Qxf3 Ne5 24. Qf2 Bh6 25. Qg3 Qe8 26. Be2 Qc6 27. a5 Rbe8 28.
Kh1 Bg7 29. Qh4 1/2-1/2